Sliver - Nirvana (All lyrics) - Statistics

General Stats
  • This quiz has been taken 106 times
  • The average score is 79 of 102
Answer Stats
Hint Answer % Correct
A
100%
Me
98%
And
97%
Dad
97%
Chorus | Chorus/Outro Grandma
97%
Verse 1 Mom
97%
Take
97%
To
97%
Went
97%
Homex19
95%
Homex8
95%
Show
95%
At
93%
Dropped
93%
Grandpa
93%
I
92%
Off
92%
Go!
88%
Go
88%
Kicked
88%
Screamed
88%
Joe's
86%
Please
85%
Don't
83%
My
81%
Said
76%
Dinner
75%
Verse 2 Had
75%
That
73%
What
71%
Ice
69%
Cream
68%
In
68%
You
68%
Up
66%
Arms
64%
Asleep
64%
Eat
64%
Fell
64%
Like
64%
Mashed
64%
Potatoes
64%
Stuff
64%
TV
64%
Woke
64%
After
63%
Mother's
63%
Ride
63%
Too
63%
Watched
63%
Bike
61%
Chew
61%
Couldn't
61%
Meat
61%
Your
59%
Did
58%
Good
58%
Outside
58%
Be
56%
Alone
54%
Toe
53%
Wanna
53%
Killed
51%
Crying?
49%
There
49%
Stop
47%
That's
47%
Why
46%
Verse 3 She
42%
Verse 4 Well
8%
No matching quizzes found
Score Distribution
Percent of People with Each Score
Percentile by Number Answered
Your Score History
You have not taken this quiz